Дело по высочайшему повелению о порядке доставления в Управу вещей, находившихся в коридорах и ложах по театрам

Доступно только в Электронных читальных залах Найти на картеНа карте
RUSMARC
00003749nmc2a22000003x 450
0019d757c2f-19cb-4789-8687-5aeaa8abf67e
00520181228013720.0
100##$a20170628l18471847k l0rusy0189 ca
1010#$arus
102##$aRU
2001#$aДело по высочайшему повелению о порядке доставления в Управу вещей, находившихся в коридорах и ложах по театрам
$j21 февраля - 1 марта 1847 г.
251##$cДело
300##$aПо Канцелярии директора за 1847 год
300##$aДело
801#0$aRU
$bРГИА
$c20170628
$gRCR
801#1$aRU
$bГлавНИВЦ
$c20170628
$2rusmarc
801#2$aRU
$bПБ им. Б.Н. Ельцина
$c20181228
$gRCR
$2rusmarc
850##$aРГИА
852##$aРГИА
$eФедеральное казенное учреждение "Российский государственный исторический архив" (РГИА)
$j11449
937##$hРГИА
$d12246806
$aASBIBLIO_SCAN
462#0$1001dd3991dc-24e1-42ec-8838-ca4255420416
$12001
$a1746-1850 гг.
$1251
$cОпись
$1852
$j1
461#0$10019264ebf8-de62-4f1a-9eb4-9f22098dbbd5
$12001
$aДирекция императорских театров МИДв
$1251
$cФонд
$1852
$j497
215##$a11 л.
$d36,5х26 см
371##$aДокумент не является опубликованным и широко распространяемым
105##$ay###
1222#$ad
035##$a9d757c2f-19cb-4789-8687-5aeaa8abf67e
856##$uhttp://readingroom.main.prlib.ru/item.aspx?id_node=n122590906&mode=full
Формат отображения